| 000 | 00728cam a2200229 i 4500 | ||
|---|---|---|---|
| 001 | TB12310 | ||
| 003 | IN-BhIIT | ||
| 005 | 20251215103909.0 | ||
| 008 | 220517s2021 ne a b 001 0 eng d | ||
| 020 | _a9780128160596 (pbk.) | ||
| 040 | _aIN-BhIIT | ||
| 041 | _aeng | ||
| 082 | 0 | 4 |
_a551.462 _bMAR/O |
| 100 | 1 |
_aMarsh, Robert, _eAuthor. _925750 |
|
| 245 | 1 | 0 |
_aOcean currents : _bphysical drivers in a changing world / _cby Robert Marsh and Erik van Sebille. |
| 260 |
_aNetherlands : _bCandice Janco, _c2021. |
||
| 300 |
_axiv, 538 p. : _bill. ; _c24 cm |
||
| 504 | _aIncludes bibliographical references and index. | ||
| 650 | 0 |
_aOcean currents. _92152 |
|
| 700 | 1 |
_aSebille, Erik van, _eJoint author. _925751 |
|
| 942 |
_cTB _01 |
||
| 999 |
_c14792 _d14792 |
||